Torschützenliste der Serie A 2011-2012 - Statistiken

Allgemein
  • Dieses Quiz wurde 24 mal gespielt
  • Das Durchschnittsergebnis liegt bei 6 aus 11
Antwortstatistiken
Tore Nationalität Verein Spieler % Korrekt
28 Schweden AC Mailand Zlatan Ibrahimović
100%
23 Uruguay SSC Neapel Edinson Cavani
95%
12 Deutschland Lazio Rom Miroslav Klose
86%
23 Italien Udinese Calcio Antonio Di Natale
73%
24 Argentinien Inter Mailand Diego Milito
64%
14 Montenegro AC Florenz Stevan Jovetić
55%
19 Argentinien CFC Genua Rodrigo Palacio
32%
16 Argentinien Atalanta Bergamo Germán Denis
23%
16 Italien US Palermo Fabrizio Miccoli
18%
15 Italien FC Parma Sebastian Giovinco
14%
12 Italien AC Siena Mattia Destro
9%
Keine übereinstimmenden Quizze gefunden
Verteilung der Resultate
Anzahl Personen mit jedem Resultat
Perzentil nach korrekt beantworteten Fragen
Ihre Resultats-Entwicklung
Sie haben dieses Quiz noch nicht gespielt